El Parlamento Centroamericano (descripción cronológica) / Andrés Araya Montezuma
El documento, sobre el Parlamento Centroamericano (PACEN), está conformado por cuatro capítulos: 1º. definición del PACEN, 2º. antecedentes del PACEN, 3º. cronología y 4º. apoyo internacional a la propuesta del PACEN. Además, incluye cuatro anexos que tratan sobre: a-. Propuesta de creación del Parl...
Պահպանված է:
| Հիմնական հեղինակ: | |
|---|---|
| Ձևաչափ: | Գիրք |
| Լեզու: | Spanish |
| Խորագրեր: | |
| Ցուցիչներ: |
Ավելացրեք ցուցիչ
Չկան պիտակներ, Եղեք առաջինը, ով նշում է այս գրառումը!
|
MARC
| LEADER | 00000nam a22000007a 4500 | ||
|---|---|---|---|
| 003 | cru IIS | ||
| 005 | 20220426101128.0 | ||
| 008 | 220426b |||||||| |||| 00| 0 spa d | ||
| 040 | |c cru IIS | ||
| 100 | 1 | |9 10378 |a Araya Montezuma, Andrés | |
| 245 | 1 | 3 | |a El Parlamento Centroamericano (descripción cronológica) / |b Andrés Araya Montezuma |
| 300 | |a 47 páginas | ||
| 500 | |a Colección Centroamérica | ||
| 520 | |a El documento, sobre el Parlamento Centroamericano (PACEN), está conformado por cuatro capítulos: 1º. definición del PACEN, 2º. antecedentes del PACEN, 3º. cronología y 4º. apoyo internacional a la propuesta del PACEN. Además, incluye cuatro anexos que tratan sobre: a-. Propuesta de creación del Parlamento Centroamericano elaborada por la Comisión de Integración Centroamericana del Congreso de la República de Guatemala (abril de 1986); b-. Declaración de Esquipulas (villa de Esquipulas, Guatemala, 25 de mayo de 1986); c-. Proyecto del Tratado Constitutivo del Sistema Parlamentario Centroamericano (Guatemala, junio de 1986); y, d-. Declaración de Guatemala del Parlamento Latinoamericano (Guatemala, 5 de abril de 1986). SM/mb | ||
| 650 | 0 | |9 1018 |a PARLAMENTO CENTROAMERICANO | |
| 650 | 0 | |9 138 |a PAZ | |
| 650 | 4 | |9 3216 |a INTEGRACION POLITICA | |
| 650 | 4 | |9 3245 |a ARREGLO DE CONTROVERSIAS | |
| 650 | 0 | |9 2589 |a CONFERENCIAS | |
| 650 | 0 | |9 4254 |a COEXISTENCIA PACIFICA | |
| 650 | 4 | |9 1942 |a NEGOCIACIONES INTERNACIONALES | |
| 651 | 0 | |9 308 |a CENTROAMERICA | |
| 942 | |2 ddc |c PP | ||
| 999 | |c 44183 |d 44183 | ||
| 773 | 0 | |0 18901 |9 6980 |a Universidad de Costa Rica. |d San José, Costa Rica CSUCA, 1986- |o 21991 |t Cuadernos de Investigación CSUCA / | |
